Conservation Laws / (Record no. 40002)
[ view plain ]
| 000 -LEADER | |
|---|---|
| fixed length control field | 00668nam a22001937a 4500 |
| 005 - DATE AND TIME OF LATEST TRANSACTION | |
| control field | 20100807115227.0 |
| 010 ## - LCCN (DPL NO) | |
| LC control number | ENG-98852 |
| 020 ## - INTERNATIONAL STANDARD BOOK NUMBER | |
| International Standard Book Number | 9789380439044 |
| Terms of availability | 60.00 |
| 035 ## - SYSTEM CONTROL NUMBER | |
| System control number | EN-82384 |
| 037 ## - SOURCE OF ACQUISITION | |
| Source of stock number/acquisition | DBAD/PUB |
| 082 ## - DEWEY DECIMAL CLASSIFICATION NUMBER | |
| Classification number | 346.044 |
| 100 ## - MAIN ENTRY--PERSONAL NAME | |
| Personal name | Karpagam,R |
| 245 ## - TITLE STATEMENT | |
| Title | Conservation Laws / |
| Statement of responsibility, etc | By R Karpagam |
| 260 ## - PUBLICATION, DISTRIBUTION, ETC. (IMPRINT) | |
| Place of publication, distribution, etc | Erode |
| Name of publisher, distributor, etc | Kongu Nadu Literature |
| Date of publication, distribution, etc | 2009 |
| 270 ## - ADDRESS | |
| Address | 93, Chinnamuthu Main Street E K Valasu |
| City | Erode, Tamil Nadu |
| Postal code | 11 |
| 300 ## - PHYSICAL DESCRIPTION | |
| Extent | 92p |
| Dimensions | 20cm(pbk) |
| 942 ## - ADDED ENTRY ELEMENTS (KOHA) | |
| Source of classification or shelving scheme | Dewey Decimal Classification |
| Item type | English Books |
| Classification part | 346.044 |
| Call number suffix | KAR |
| Withdrawn status | Lost status | Not for loan | Collection code | Home library | Current library | Date acquired | Source of acquisition | Cost, normal purchase price | Full call number | Barcode | Copy number | Cost, replacement price | Koha item type |
|---|---|---|---|---|---|---|---|---|---|---|---|---|---|
| Not For Loan | Non-fiction | D.B.Act.Division | D.B.Act.Division | 07/08/2010 | DBAD/PUB | 60.00 | 346.044 KAR | EN-82384 | 1 | 60.00 | English Books |
